| 000 | 00656cam a22002171 4500 | ||
|---|---|---|---|
| 001 | he 66001967 | ||
| 003 | DLC | ||
| 005 | 20260227111442.0 | ||
| 008 | 840430s1966 is 000 0 heb | ||
| 010 | _ahe 66001967 | ||
| 035 | _a(OCoLC)19146639 | ||
| 040 |
_aDLC _cMH _dDLC |
||
| 042 | _apremarc | ||
| 050 | 0 | 0 |
_aPJ5054.S76 _bB4 1966 |
| 100 | 1 |
_aStern, Noah, _d1912-1960. |
|
| 245 | 1 | 0 |
_aBen ʻarfilim : _bshirim, targumim u-reshimot. |
| 260 |
_a[Tel Aviv] : _bAgudat ha-sofrim ha-ʻIvrim be-Yiśraʼel ʻal yede hotsaʼat Maḥbarot le-sifrut, _c[1966] |
||
| 300 |
_a280 p. ; _c22 cm. |
||
| 500 | _aPartially vocalized. | ||
| 752 |
_aIsrael _dTel Aviv |
||
| 999 |
_c32049 _d32049 |
||